[Event "Titled Tuesday intern op 02nd Jan Early"]
[Site "Chess.com INT"]
[Date "2024.01.02"]
[Round "11"]
[White "Petukhov, Dmitry"]
[Black "Nayak, Rajesh"]
[Result "0-1"]
[WhiteElo "2350"]
[BlackElo "2170"]
[PlyCount "62"]
[EventDate "2024.01.02"]
[EventType "swiss (blitz)"]
[EventRounds "11"]
[EventCountry "USA"]
[SourceTitle "EXT 2025"]
[Source "ChessBase"]
[SourceDate "2024.10.14"]
[SourceVersion "1"]
[SourceVersionDate "2024.10.14"]
[SourceQuality "1"]

1. e4 d6 2. d4 Nf6 3. Nc3 g6 4. Bg5 Bg7 5. Qd2 a6 6. f3 b5 7. a3 Bb7 8. Bd3 Nfd7 9. h4 h6 10. Be3 c5 11. dxc5 Nxc5 12. h5 g5 13. Nge2 Nbd7 14. Bd4 Ne5 15. 0-0 0-0 16. f4 Nexd3 17. Bxg7 Kxg7 18. cxd3 Nb3 19. Qe3 Nxa1 20. fxg5 Nc2 21. gxh6+ Kh7 22. Qg5 Rg8 23. Rxf7+ Kh8 24. Qf5 Rxg2+ 25. Kh1 Qg8 26. h7 Qg5 27. Qxg5 Rxg5 28. Nf4 Rg7 29. Rf5 Ne3 30. Ng6+ Rxg6 31. hxg6 Nxf5 0-1